<The> Importance of Online Shopping Behavior in the Strategic Management of E-Commerce Competitiveness

Pätnásť determinantov správania pri online nakupovaní, ktoré by mohli mať vplyv na proces strategického riadenia v oblasti konkurencieschopnosti elektronického obchodu. Vyhodnotenie vplyvu determinantov správania sa pri online nakupovaní na proces strategického riadenia v elektronickom obchode.

Na minha lista:
Detalhes bibliográficos
Autor principal: Svatošová, Veronika
Formato: Capítulo de Livro
Idioma:inglês
Assuntos:
Tags: Adicionar Tag
Sem tags, seja o primeiro a adicionar uma tag!

MARC

LEADER 00000naa a2200000 4500
001 0272605
005 20210317104347.5
041 0 |a eng 
044 |a CZ 
245 1 0 |a <The> Importance of Online Shopping Behavior in the Strategic Management of E-Commerce Competitiveness  |c Veronika Svatošová 
520 |a Pätnásť determinantov správania pri online nakupovaní, ktoré by mohli mať vplyv na proces strategického riadenia v oblasti konkurencieschopnosti elektronického obchodu. Vyhodnotenie vplyvu determinantov správania sa pri online nakupovaní na proces strategického riadenia v elektronickom obchode. 
610 2 0 |a správanie spotrebiteľa 
610 2 0 |a obchod elektronický 
610 2 0 |a riadenie strategické 
610 2 0 |a nákup elektronický 
610 2 0 |a konkurencieschopnosť 
100 1 |a Svatošová, Veronika